000 00601nam a2200121Ia 4500
008 220620s9999||||xx |||||||||||||| ||und||
100 _aVastola, Antonella
245 4 _aThe Sustainability of Agro-Food and Natural Resource Systems in the Mediterranean Basin
546 _aEnglish[eng]
650 _aAgriculture||Food Science||Environmental Science and Engineering
856 _uhttps://library.oapen.org/bitstream/20.500.12657/28034/1/1001962.pdf||https://library.oapen.org/bitstream/20.500.12657/28034/1/1001962.pdf||https://library.oapen.org/bitstream/20.500.12657/28034/1/1001962.pdf
942 _cEB
999 _c23144
_d23144